| 000 | 00817cam a2200229 a 4500 | ||
|---|---|---|---|
| 001 | 17174884 | ||
| 005 | 20241102100204.0 | ||
| 008 | 120221s2012 enk b 001 0 eng | ||
| 020 | _a9780521760645 (hardback) | ||
| 020 | _a9780521758024 (pbk.) | ||
| 050 | 0 | 0 |
_aKD1629 _b.R93 2012 |
| 082 | 0 | 0 |
_a346.4207 _223 |
| 100 | 1 | _aRyder, Nicholas. | |
| 245 | 1 | 0 |
_aCommercial law : _bprinciples and policy / _cNicholas Ryder, Margaret Griffiths, Lachmi Singh. |
| 260 |
_aCambridge : _bNew York ; Cambridge University Press, _c2012. |
||
| 300 |
_alvi, 596 p. ; _c25 cm. _bIndex |
||
| 500 | _aThis innovative textbook examines commercial law and the social and political context in which it develops. | ||
| 650 | 0 |
_aCommercial law _zEngland. |
|
| 700 | 1 | _aGriffiths, Margaret. | |
| 700 | 1 | _aSingh, Lachmi. | |
| 942 |
_2lcc _cBK _n0 |
||
| 999 |
_c550 _d550 |
||